Music Quiz

Random Music or Song Quiz

Justin Bieber Songs Quiz Stats

 Plays Quiz Updated Dec 5, 2017

Also try: Taylor Swift Songs
Challenge
Share
Tweet
Embed
Score 0/78 Timer 06:00
1 Play Today
Album Songs % Correct
My World 2.0Baby
92.7%
My World (EP)One Time
81.7%
Never Say Never – The RemixesNever Say Never
74.7%
PurposeSorry
74.5%
BelieveBoyfriend
73.8%
Believe AcousticBoyfriend
70.8%
My World (EP)One Less Lonely Girl
70.4%
PurposePurpose
69.1%
PurposeWhat Do You Mean?
68.4%
BelieveBelieve
67.9%
BelieveAs Long as You Love Me
66.8%
Believe AcousticAs Long as You Love Me
62.9%
PurposeLove Yourself
62.6%
My World (EP)Love Me
60.2%
BelieveBeauty and a Beat
59.1%
My World 2.0Somebody to Love
58%
BelieveAll Around the World
57.5%
Believe AcousticBeauty and a Beat
55.5%
Believe AcousticAll Around the World
53.7%
Never Say Never – The RemixesSomebody to Love
51.1%
PurposeMark My Words
50%
My World 2.0U Smile
49.7%
My World (EP)Down to Earth
49.2%
PurposeCompany
48.8%
My World (EP)Favorite Girl
48.5%
PurposeI'll Show You
48.2%
BelieveFall
48%
PurposeWhere Are Ü Now
47.9%
My World 2.0That Should Be Me
47.5%
JournalsAll That Matters
47%
My World 2.0Up
47%
JournalsConfident
46.1%
My World (EP)Bigger
45.9%
Believe AcousticFall (Live)
45.3%
PurposeChildren
45.2%
My World 2.0Eenie Meenie
44.5%
PurposeNo Sense
44.3%
PurposeNo Pressure
44.1%
My World 2.0Overboard
43.5%
Album Songs % Correct
BelieveMaria
42.8%
JournalsHeartbreaker
42.8%
My World (EP)First Dance
42.7%
PurposeThe Feeling
41.9%
Never Say Never – The RemixesThat Should Be Me
41.9%
BelieveBe Alright
41.7%
My World 2.0Never Let You Go
41.6%
PurposeLife Is Worth Living
41.5%
BelieveTake You
41.3%
Never Say Never – The RemixesUp
41.1%
My World 2.0Stuck in the Moment
39.5%
Believe AcousticBe Alright
39.4%
BelieveDie in Your Arms
39.1%
Believe AcousticTake You
38.9%
Never Say Never – The RemixesOverboard (Live)
38.6%
My World 2.0Runaway Love
38.4%
BelieveOne Love
38%
BelieveShe Don't Like the Lights
37.4%
BelieveCatching Feelings
37.4%
BelieveRight Here
36%
JournalsRoller Coaster
35%
Believe AcousticShe Don't Like the Lights
34.8%
Never Say Never – The RemixesRunaway Love
33.8%
JournalsBad Day
33.7%
JournalsBackpack
33.1%
Believe AcousticYellow Raincoat
32.7%
JournalsPYD
32.6%
BelieveThought of You
31.9%
JournalsAll Bad
31.5%
JournalsHold Tight
31%
JournalsMemphis
28.9%
BelieveOut of Town Girl
28.2%
BelieveLove Me Like You Do
26.9%
Believe AcousticI Would
26.3%
JournalsRecovery
25.8%
JournalsOne Life
25.2%
JournalsChange Me
23.5%
JournalsSwap It Out
21.6%
JournalsWhat's Hatnin
18.8%

You're not logged in!

Compare scores with friends on all Sporcle quizzes.
OR
Log In

You Might Also Like...

Show Comments

Extras

Top Quizzes Today


Score Distribution

Your Account Isn't Verified!

In order to create a playlist on Sporcle, you need to verify the email address you used during registration. Go to your Sporcle Settings to finish the process.

Report this User

Report this user for behavior that violates our Community Guidelines.

Details: